000 01402cam a22003617a 4500
999 _c219459
_d219459
001 12745833
003 Nust
005 20170209125039.0
008 020201s2002 ii a 000 0 eng
010 _a 2002314356
020 _a817017399X
025 _aI-E-2002-314356; 25
035 _a(DLC) 2002314356
037 _bLibrary of Congress -- New Delhi Overseas Office
_cRs400.00
040 _aDLC
_cDLC
_dDLC
041 1 _aengurd
_hurd
042 _alcode
050 0 0 _aMLCS 2002/00018 (P)
_aPK2199.F255
082 _a891.43917
_bFIA
100 1 _aFaiz̤, Faiz̤ Aḥmad,
_d1911-1984.
240 1 0 _aWorks.
_kSelections.
_lEnglish & Urdu.
_f2002
245 1 0 _a100 poems by Faiz Ahmed Faiz, 1911-1984 /
_ctranslated from the original Urdu by Sarvat Rahman.
246 3 _aOne Hundread poems by Faiz Ahmed Faiz, 1911-1984
260 _aNew Delhi :
_bAbhinav Publications,
_c2002.
300 _a344 p. :
_bill. ;
_c22 cm.
500 _a"Glossary of Urdu words in roman script": p. 303-344.
546 _aEnglish and Urdu
_b(Urdu also in roman).
600 1 0 _aFaiz̤, Faiz̤ Aḥmad,
_d1911-1984
_vTranslations into English.
700 1 _aRahman, Sarvat.
856 4 2 _3Publisher description
_uhttp://www.loc.gov/catdir/enhancements/fy0659/2002314356-d.html
906 _a7
_bcbc
_corigode
_d5
_encip
_f20
_gy-gencatlg
942 _2ddc
_cBK